COMPORTAMIENTO ORGANIZACIONAL (Registro nro. 51833)
[ vista simple ]
| 000 -LEADER | |
|---|---|
| fixed length control field | 01084nam a2200217 a 4500 |
| 001 - CONTROL NUMBER | |
| control field | 51833 |
| 005 - DATE AND TIME OF LATEST TRANSACTION | |
| control field | 20180714041434.0 |
| 008 - FIXED-LENGTH DATA ELEMENTS--GENERAL INFORMATION | |
| fixed length control field | 140415s2008 mx 000 0 spa d |
| 020 ## - INTERNATIONAL STANDARD BOOK NUMBER | |
| International Standard Book Number | 9789701065136 |
| 041 ## - LANGUAGE CODE | |
| Language code of text/sound track or separate title | spa |
| 082 ## - DEWEY DECIMAL CLASSIFICATION NUMBER | |
| Classification number | 658.4 |
| Item number | LUT |
| 100 1# - MAIN ENTRY--PERSONAL NAME | |
| Personal name | LUTHANS, FRED |
| 245 10 - TITLE STATEMENT | |
| Title | COMPORTAMIENTO ORGANIZACIONAL |
| 250 ## - EDITION STATEMENT | |
| Edition statement | 1a ed. |
| 260 ## - PUBLICATION, DISTRIBUTION, ETC. | |
| Place of publication, distribution, etc. | MEXICO : |
| Name of publisher, distributor, etc. | MCGRAW-HILL INTERAMERICANA EDITORES, |
| Date of publication, distribution, etc. | 2008 |
| 300 ## - PHYSICAL DESCRIPTION | |
| Extent | 591 |
| Dimensions | 21.3 x 2.7 x 27.1 |
| 520 ## - SUMMARY, ETC. | |
| Summary, etc. | PRESENTA UN ENFOQUE CONCEPTUAL BASADO EN LA INVESTIGACIÓNN SOBRE EL COMPORTAMIENTO ORGANIZACIONAL. EL MARCO TEÓRICO DE LA OBRA ES LA TEORÍA SOCIAL COGNITIVA, ADEMÁS, INCLUYE SECCIONES TITULADAS PRINCIPIOS DE COMPORTAMIENTO ORGANIZACIONAL AL FINAL DE CADA CAPÍTULO, QUE EXPONEN LAS CONCLUSIONES DE ALGUNAS INVESTIGACIONES BASADA EN EL METAANÁLISIS. OTRA CARACTERÍSTICA RELEVANTE DE LA OBRA ES QUE ANALIZA LAS MEJORES PRÁCTICAS DE EMPRESA CONSULTORA GALLUP ORGANIZATION. |
| 650 14 - SUBJECT ADDED ENTRY--TOPICAL TERM | |
| Topical term or geographic name entry element | COMPORTAMIENTO ORGANIZACIONAL |
| 700 1# - ADDED ENTRY--PERSONAL NAME | |
| Personal name | SANCHEZ CARRION, MIGUEL |
| Relator term | tr. |
| 740 ## - ADDED ENTRY--UNCONTROLLED RELATED/ANALYTICAL TITLE | |
| Uncontrolled related/analytical title | ORGANIZATIONAL BEHAVIOR |
| Withdrawn status | Lost status | Source of classification or shelving scheme | Damaged status | Not for loan | Collection code | Home library | Current library | Shelving location | Date acquired | Source of acquisition | Inventory number | Total Checkouts | Total Renewals | Full call number | Barcode | Date last seen | Date last checked out | Price effective from | Koha item type |
|---|---|---|---|---|---|---|---|---|---|---|---|---|---|---|---|---|---|---|---|
| Dewey Decimal Classification | General | Biblioteca Karol Wojtyla | Biblioteca Karol Wojtyla | Sala general | 03/12/2013 | Compra | 151000000000000000014764 | 1 | 1 | 658.4 LUT | 77141 | 05/01/2026 | 01/04/2019 | 03/12/2013 | Libro | ||||
| Dewey Decimal Classification | General | Biblioteca Karol Wojtyla | Biblioteca Karol Wojtyla | Sala general | 03/12/2013 | Compra | 151000000000000000014765 | 3 | 658.4 LUT | 77142 | 05/01/2026 | 11/03/2024 | 03/12/2013 | Libro | |||||
| Dewey Decimal Classification | General | Biblioteca Karol Wojtyla | Biblioteca Karol Wojtyla | Sala general | 03/12/2013 | Compra | 151000000000000000014766 | 1 | 658.4 LUT | 78839 | 05/01/2026 | 26/08/2024 | 03/12/2013 | Libro |